Alle Städte am Inn - Statistiken

Allgemein
  • Dieses Quiz wurde 87 mal gespielt
  • Das Durchschnittsergebnis liegt bei 10 aus 20
Antwortstatistiken
Einwohner Stadt Land % Korrekt
131.059 Innsbruck Österreich
93%
52.415 Passau Deutschland
92%
63.591 Rosenheim Deutschland
81%
17.438 Braunau am Inn Österreich
74%
19.512 Kufstein Österreich
70%
14.179 Wörgl Österreich
58%
13.810 Schwaz Österreich
53%
10.882 Imst Österreich
49%
7.686 Landeck Österreich
49%
12.662 Wasserburg am Inn Deutschland
49%
14.243 Hall in Tirol Österreich
45%
20.962 Mühldorf am Inn Deutschland
45%
12.977 Altötting Deutschland
44%
5.216 Schärding Österreich
41%
10.055 Simbach am Inn Deutschland
40%
8.852 Neuötting Deutschland
29%
23.604 Waldkraiburg Deutschland
29%
448 Rattenberg Österreich
27%
16.186 Pocking Deutschland
26%
9.249 Töging am Inn Deutschland
22%
Keine übereinstimmenden Quizze gefunden
Verteilung der Resultate
Anzahl Personen mit jedem Resultat
Perzentil nach korrekt beantworteten Fragen
Ihre Resultats-Entwicklung
Sie haben dieses Quiz noch nicht gespielt